000 00575nam a22002057a 4500
003 OSt
005 20260603162441.0
008 260603b |||||||| |||| 00| 0 eng d
020 _a0201080869
040 _cChuka University Library
050 _aTA 403 .V3 1985
100 _aVan Vlack, Lawrence H.
_927025
245 _aElements of Material Science and Engineering
250 _a5th Ed.
260 _aCalifornia
_bAddison -Wesley
_c1985
300 _axix 553pp Appendix
_bIllustrated
650 _aMaterials
_911003
650 _aSolids
_927026
942 _2lcc
_cBK
_n0
999 _c23160
_d23160